000 00219 a2200097 4500
001 27457
100 _aCotterill, P
245 _aRecrystallization and grain growth
260 _a
_bI T C L
_c1976
090 _c18251
_d18251
942 _aNUST-CAE
_cM
_c9171
999 _c262530
_d262530